[Event "GBR-ch105 Major Open"]
[Site "Hull"]
[Date "2018.08.02"]
[Round "6"]
[White "Evans, Nicholas Thomas"]
[Black "Smith, Andrew Philip"]
[Result "0-1"]
[WhiteElo "1885"]
[BlackElo "2102"]
[PlyCount "70"]
[EventDate "2018.07.28"]
[EventType "swiss"]
[EventRounds "9"]
[EventCountry "GBR"]
[SourceTitle "CBM 185 Extra"]
[Source "ChessBase"]
[SourceDate "2018.06.29"]
[SourceVersion "1"]
[SourceVersionDate "2018.06.29"]
[SourceQuality "1"]

1. Nf3 c5 2. c4 Nf6 3. Nc3 e6 4. d4 cxd4 5. Nxd4 d6 6. g3 Nc6 7. Bg2 Bd7 8. O-O
a6 9. e4 Qb6 10. Nc2 Be7 11. b3 O-O 12. Be3 Qc7 13. Qe2 Rab8 14. a4 Na5 15.
Rab1 Rfc8 16. Rfc1 Ne8 17. Bd2 Bf6 18. Ne3 Nc6 19. f4 Qd8 20. Kh1 g6 21. Ng4
Bg7 22. Ne3 Nd4 23. Qd3 b5 24. axb5 axb5 25. Nxb5 Nxb5 26. cxb5 Bxb5 27. Nc4
Nf6 28. Bc3 Bxc4 29. bxc4 Ng4 30. Bd4 Rxb1 31. Rxb1 e5 32. Bb6 Qxb6 33. Rxb6
Nf2+ 34. Kg1 Nxd3 35. Rxd6 Nb2 0-1

[Event "GBR-ch105 Major Open"]
[Site "Hull"]
[Date "2018.08.02"]
[Round "6"]
[White "Forster, Matthew"]
[Black "Volovich, Julia"]
[Result "1/2-1/2"]
[WhiteElo "1940"]
[BlackElo "1651"]
[PlyCount "56"]
[EventDate "2018.07.28"]
[EventType "swiss"]
[EventRounds "9"]
[EventCountry "GBR"]
[SourceTitle "CBM 185 Extra"]
[Source "ChessBase"]
[SourceDate "2018.06.29"]
[SourceVersion "1"]
[SourceVersionDate "2018.06.29"]
[SourceQuality "1"]

1. c4 f5 2. Nf3 Nf6 3. g3 g6 4. Bg2 Bg7 5. d4 d6 6. Nc3 c6 7. O-O O-O 8. b3 Qe8
9. Ba3 c5 10. Rc1 cxd4 11. Nxd4 Nc6 12. Ndb5 Qd8 13. Nd5 Nxd5 14. cxd5 Ne5 15.
Nc7 Rb8 16. Qd2 Bd7 17. h3 Rc8 18. Ne6 Bxe6 19. dxe6 Qb6 20. Bb2 Nc6 21. Bxg7
Kxg7 22. h4 Qd4 23. Rfd1 Qxd2 24. Rxd2 Kf6 25. Rdc2 Kxe6 26. Bxc6 Rxc6 27. Rxc6
bxc6 28. Rxc6 Kd7 1/2-1/2

[Event "GBR-ch105 Major Open"]
[Site "Hull"]
[Date "2018.08.02"]
[Round "6"]
[White "Guha, Chirag"]
[Black "Karia, Rishul"]
[Result "1-0"]
[WhiteElo "1912"]
[BlackElo "1836"]
[PlyCount "67"]
[EventDate "2018.07.28"]
[EventType "swiss"]
[EventRounds "9"]
[EventCountry "GBR"]
[SourceTitle "CBM 185 Extra"]
[Source "ChessBase"]
[SourceDate "2018.06.29"]
[SourceVersion "1"]
[SourceVersionDate "2018.06.29"]
[SourceQuality "1"]

1. d4 Nf6 2. c4 g6 3. Nc3 Bg7 4. e4 d6 5. f3 Nbd7 6. Be3 a6 7. Nge2 c5 8. Qd2
Rb8 9. Ng3 Qc7 10. d5 Qa5 11. a4 Ne5 12. f4 Neg4 13. Bg1 Nd7 14. h3 Ngf6 15.
Bd3 Nb6 16. Be3 Bd7 17. e5 Ng8 18. O-O dxe5 19. Qf2 f5 20. Bxc5 Nxc4 21. Bxc4
Rc8 22. Bb6 Qb4 23. Ba2 exf4 24. Nge2 f3 25. gxf3 f4 26. Bd4 Bxd4 27. Qxd4
Qxd4+ 28. Nxd4 Bxh3 29. Rfe1 g5 30. Re5 Kd7 31. Rxg5 Nf6 32. Kh2 h6 33. Rgg1
Nxd5 34. Nxd5 1-0

[Event "GBR-ch105 Major Open"]
[Site "Hull"]
[Date "2018.08.02"]
[Round "6"]
[White "Holton, Jake"]
[Black "Taylor, Adam A"]
[Result "0-1"]
[WhiteElo "1901"]
[BlackElo "2146"]
[PlyCount "84"]
[EventDate "2018.07.28"]
[EventType "swiss"]
[EventRounds "9"]
[EventCountry "GBR"]
[SourceTitle "CBM 185 Extra"]
[Source "ChessBase"]
[SourceDate "2018.06.29"]
[SourceVersion "1"]
[SourceVersionDate "2018.06.29"]
[SourceQuality "1"]

1. d4 Nf6 2. c4 e6 3. Nf3 Bb4+ 4. Bd2 Qe7 5. g3 Nc6 6. Nc3 O-O 7. Bg2 d5 8.
cxd5 exd5 9. O-O Re8 10. e3 Bf5 11. Nh4 Bd3 12. Re1 Qd7 13. Qb3 Bc4 14. Qc2 Bf8
15. Bf1 Nb4 16. Qf5 Qxf5 17. Nxf5 Nc2 18. Bxc4 dxc4 19. Nb5 Rec8 20. Rac1 Nxe1
21. Bxe1 g6 22. Nh4 a6 23. Nc3 b5 24. Ne2 Rd8 25. b3 cxb3 26. axb3 Rac8 27. Ba5
Rd7 28. Nf3 c5 29. Ne5 Rb7 30. f3 Rbb8 31. Rd1 cxd4 32. Nxd4 Re8 33. Ndc6 Rbc8
34. Bd8 Nh5 35. g4 f6 36. Nd7 Rxc6 37. gxh5 Rxd8 38. Nxf6+ Rxf6 39. Rxd8 Rxf3
40. hxg6 hxg6 41. Ra8 Rxe3 42. Rxa6 Kf7 0-1

[Event "GBR-ch105 Major Open"]
[Site "Hull"]
[Date "2018.08.02"]
[Round "6"]
[White "Howell, Oliver W"]
[Black "Yoon, Jacob D"]
[Result "0-1"]
[WhiteElo "1905"]
[BlackElo "2039"]
[PlyCount "64"]
[EventDate "2018.07.28"]
[EventType "swiss"]
[EventRounds "9"]
[EventCountry "GBR"]
[SourceTitle "CBM 185 Extra"]
[Source "ChessBase"]
[SourceDate "2018.06.29"]
[SourceVersion "1"]
[SourceVersionDate "2018.06.29"]
[SourceQuality "1"]

1. d4 e6 2. e4 d5 3. Nd2 Nc6 4. c3 e5 5. exd5 Qxd5 6. dxe5 Nxe5 7. Ngf3 Nd3+ 8.
Bxd3 Qxd3 9. Ne5 Qb5 10. Ndc4 Be6 11. Qe2 Qa6 12. b3 O-O-O 13. O-O Nf6 14. Bg5
h6 15. Bh4 g5 16. Bg3 Nd5 17. Qf3 f5 18. Ng6 Rg8 19. Nxf8 Rgxf8 20. Be5 g4 21.
Qe2 f4 22. f3 Ne3 23. Rfe1 gxf3 24. gxf3 Bxc4 25. bxc4 Rg8+ 26. Kh1 Rg2 27.
Qxg2 Nxg2 28. Kxg2 Rd2+ 29. Kh1 Qg6 30. Rg1 Qh5 31. Bxf4 Qxf3+ 32. Rg2 Qxg2#
0-1

[Event "GBR-ch105 Major Open"]
[Site "Hull"]
[Date "2018.08.02"]
[Round "6"]
[White "Hussain, Adam"]
[Black "Tomy, Jeff"]
[Result "0-1"]
[WhiteElo "1557"]
[BlackElo "1683"]
[PlyCount "112"]
[EventDate "2018.07.28"]
[EventType "swiss"]
[EventRounds "9"]
[EventCountry "GBR"]
[SourceTitle "CBM 185 Extra"]
[Source "ChessBase"]
[SourceDate "2018.06.29"]
[SourceVersion "1"]
[SourceVersionDate "2018.06.29"]
[SourceQuality "1"]

1. c4 e6 2. Nc3 c6 3. g3 d5 4. cxd5 exd5 5. d4 Nf6 6. Bg2 Be7 7. Nf3 O-O 8. O-O
Bf5 9. Nh4 Bg6 10. Nxg6 fxg6 11. Bf4 Bd6 12. Bxd6 Qxd6 13. Qd3 Nbd7 14. h3 Rae8
15. Rae1 Kh8 16. a3 Nb6 17. e3 Nc4 18. Qc2 b5 19. Re2 b4 20. axb4 Qxb4 21. Na2
Qb6 22. b3 Nd6 23. Rc1 Rc8 24. Qc5 Nde4 25. b4 Nxc5 26. bxc5 Qa6 27. Rec2 Rb8
28. Bf1 Qc8 29. Bg2 Qe6 30. Nc3 Rf7 31. Ne2 Rfb7 32. Nf4 Qd7 33. h4 Rb1 34. Kh2
Rxc1 35. Rxc1 Rb2 36. Kg1 Qb7 37. Rc3 Qb4 38. Rc1 Rb1 39. Rf1 Rxf1+ 40. Bxf1 a5
41. Nd3 Qb8 42. Kg2 a4 43. Ne5 Qb7 44. g4 a3 45. g5 Ne4 46. Bd3 a2 47. Bxe4
dxe4 48. Kg3 a1=Q 49. Kg2 Qbb1 50. Kg3 Qg1+ 51. Kf4 Qxf2+ 52. Nf3 Qxf3+ 53. Ke5
Qa2 54. Kd6 Qd5+ 55. Kc7 Qff7+ 56. Kb6 Qb3+ 0-1

[Event "GBR-ch105 Major Open"]
[Site "Hull"]
[Date "2018.08.02"]
[Round "6"]
[White "Janiszewski, Maciej"]
[Black "Vleeshhouwer, Douglas"]
[Result "1-0"]
[WhiteElo "2130"]
[BlackElo "1946"]
[PlyCount "107"]
[EventDate "2018.07.28"]
[EventType "swiss"]
[EventRounds "9"]
[EventCountry "GBR"]
[SourceTitle "CBM 185 Extra"]
[Source "ChessBase"]
[SourceDate "2018.06.29"]
[SourceVersion "1"]
[SourceVersionDate "2018.06.29"]
[SourceQuality "1"]

1. e4 d6 2. d4 Nf6 3. Nc3 Nbd7 4. Nf3 e5 5. Bc4 Be7 6. O-O O-O 7. Re1 c6 8. a4
a5 9. Ba2 exd4 10. Qxd4 Nc5 11. e5 dxe5 12. Qxe5 Be6 13. Bxe6 Nxe6 14. Ng5 Bd6
15. Qf5 Nd4 16. Qd3 h6 17. Nf3 Nb3 18. Rb1 Nxc1 19. Rbxc1 Qc7 20. Rcd1 Bc5 21.
Qf5 Bb4 22. Re3 Rad8 23. Rde1 Nd5 24. Rd3 Nxc3 25. bxc3 Rxd3 26. Qxd3 Be7 27.
Nd4 Bf6 28. Qf5 Qd8 29. g3 Qd5 30. Qxd5 cxd5 31. Nb5 Rd8 32. Rb1 Rd7 33. Kf1
Kf8 34. Ke2 Re7+ 35. Kd3 Re4 36. Nd4 Bxd4 37. cxd4 b6 38. c4 Re6 39. cxd5 Rd6
40. Re1 Rxd5 41. Kc4 Rd8 42. Re4 g6 43. h4 h5 44. f3 Rd7 45. g4 Kg7 46. gxh5
gxh5 47. Re5 Kg6 48. Rg5+ Kh6 49. d5 Rd8 50. Kd4 f6 51. Rg1 Rd7 52. f4 Rc7 53.
d6 Rc2 54. Rd1 1-0

[Event "GBR-ch105 Major Open"]
[Site "Hull"]
[Date "2018.08.02"]
[Round "6"]
[White "Jayawarna, Nugith"]
[Black "Jones, Steven"]
[Result "0-1"]
[WhiteElo "2013"]
[BlackElo "2203"]
[PlyCount "114"]
[EventDate "2018.07.28"]
[EventType "swiss"]
[EventRounds "9"]
[EventCountry "GBR"]
[SourceTitle "CBM 185 Extra"]
[Source "ChessBase"]
[SourceDate "2018.06.29"]
[SourceVersion "1"]
[SourceVersionDate "2018.06.29"]
[SourceQuality "1"]

1. c4 c6 2. d4 d5 3. Nf3 Nf6 4. Nc3 e6 5. cxd5 exd5 6. Qc2 Nbd7 7. Bg5 Be7 8.
e3 h6 9. Bh4 Nh5 10. Bxe7 Qxe7 11. Be2 g6 12. O-O O-O 13. Rab1 a5 14. a3 Ng7
15. Bd3 f5 16. b4 axb4 17. axb4 b5 18. Qb3 Bb7 19. Ra1 Kh7 20. Ra5 Rxa5 21.
bxa5 Ra8 22. Ra1 Nb6 23. Bxb5 cxb5 24. Qxb5 Qc7 25. Rc1 Nc4 26. Rb1 Bc6 27. Qc5
Rxa5 28. Nxd5 Rxc5 29. Nxc7 Be4 30. dxc5 Bxb1 31. Nd4 Be4 32. f3 Bb7 33. Kf2
Kg8 34. Ke2 Kf7 35. Kd3 Ne5+ 36. Kc3 Ne8 37. Nce6 Bd5 38. Nf4 Nc7 39. h4 Bb7
40. Nde2 Kf6 41. Ng3 Ne6 42. Nxe6 Kxe6 43. e4 f4 44. Ne2 g5 45. hxg5 hxg5 46.
g3 fxg3 47. Nxg3 Nxf3 48. Kd3 Ke5 49. Ke3 Nh2 50. Nf5 Bxe4 51. Nd6 Ng4+ 52. Ke2
Bd5 53. Nc8 Nf6 54. Nb6 Kd4 55. Na4 Bb3 56. Nb6 Kxc5 57. Nc8 Ng8 0-1

[Event "GBR-ch105 Major Open"]
[Site "Hull"]
[Date "2018.08.02"]
[Round "6"]
[White "Johnson, Paul A"]
[Black "Warren, Alexander"]
[Result "1/2-1/2"]
[WhiteElo "1842"]
[BlackElo "2011"]
[PlyCount "64"]
[EventDate "2018.07.28"]
[EventType "swiss"]
[EventRounds "9"]
[EventCountry "GBR"]
[SourceTitle "CBM 185 Extra"]
[Source "ChessBase"]
[SourceDate "2018.06.29"]
[SourceVersion "1"]
[SourceVersionDate "2018.06.29"]
[SourceQuality "1"]

1. d4 Nf6 2. Bf4 g6 3. c4 c5 4. d5 b5 5. cxb5 d6 6. Nc3 Bg7 7. e4 Qa5 8. Bd2
O-O 9. Be2 Nbd7 10. Nf3 a6 11. b6 Qxb6 12. Qc2 Qb7 13. O-O e6 14. dxe6 fxe6 15.
Bf4 Nxe4 16. Nxe4 Rxf4 17. Nxd6 Qxb2 18. Qxb2 Bxb2 19. Rab1 Bf6 20. Nxc8 Rxc8
21. Bxa6 Rc7 22. Rfe1 Kf7 23. Bb5 c4 24. Bxd7 Rxd7 25. Ne5+ Bxe5 26. Rxe5 Rd2
27. f3 c3 28. Kf1 c2 29. Rc1 Rd1+ 30. Re1 Rd2 31. Re2 Rd1+ 32. Re1 Rd2 1/2-1/2

[Event "GBR-ch105 Major Open"]
[Site "Hull"]
[Date "2018.08.02"]
[Round "6"]
[White "Milewska, Agnieszka"]
[Black "Cawston, M John"]
[Result "1/2-1/2"]
[WhiteElo "1778"]
[BlackElo "1871"]
[PlyCount "149"]
[EventDate "2018.07.28"]
[EventType "swiss"]
[EventRounds "9"]
[EventCountry "GBR"]
[SourceTitle "CBM 185 Extra"]
[Source "ChessBase"]
[SourceDate "2018.06.29"]
[SourceVersion "1"]
[SourceVersionDate "2018.06.29"]
[SourceQuality "1"]

1. d4 Nf6 2. c4 Nc6 3. Nf3 e6 4. Bg5 Bb4+ 5. Nc3 h6 6. Bh4 d6 7. e3 Bxc3+ 8.
bxc3 Qe7 9. d5 Nb8 10. Be2 O-O 11. O-O e5 12. h3 Bf5 13. Nd2 Nbd7 14. e4 Bh7
15. Bg4 g5 16. Bxd7 Qxd7 17. Qf3 Kg7 18. Bg3 b6 19. Rfe1 Ng8 20. Qe3 f5 21.
exf5 Qxf5 22. f3 Nf6 23. Ne4 Nh5 24. Bh2 Nf4 25. Bxf4 Qxf4 26. Qxf4 Rxf4 27.
Re3 Raf8 28. Rae1 Bg6 29. Kf2 Be8 30. Kg3 Bd7 31. a3 Bc8 32. Nd2 Ba6 33. Re4
Kg6 34. Rxf4 Rxf4 35. Re4 Kf6 36. Kf2 h5 37. g3 Rxe4 38. fxe4 Bc8 39. h4 Bg4
40. Ke3 Bd1 41. Nb3 Bc2 42. Nc1 g4 43. Nd3 Ke7 44. Nf2 Kd7 45. Nxg4 Kd8 46. Nf6
Bd1 47. Nh7 Ke7 48. Kd2 Bg4 49. Ng5 Kd7 50. Kc2 Be2 51. Kb3 Bd3 52. Kb4 Kc8 53.
Kb3 Kb7 54. a4 a5 55. c5 bxc5 56. c4 c6 57. Kc3 Be2 58. Nh7 cxd5 59. cxd5 Bd1
60. Nf6 Kc7 61. Kc4 Be2+ 62. Kc3 Kd8 63. Kd2 Bf3 64. Ke3 Bd1 65. Kd2 Bxa4 66.
Nxh5 Ke7 67. g4 Kf7 68. Ng3 Bd7 69. Nf5 Bxf5 70. gxf5 a4 71. Kc3 Kf6 72. Kc4
Kf7 73. Kc3 Kf6 74. Kc4 Kf7 75. Kc3 1/2-1/2

[Event "GBR-ch105 Major Open"]
[Site "Hull"]
[Date "2018.08.02"]
[Round "6"]
[White "Modi, Kishan Jagdish"]
[Black "Brewer, Callum D"]
[Result "1/2-1/2"]
[WhiteElo "1938"]
[BlackElo "2064"]
[PlyCount "95"]
[EventDate "2018.07.28"]
[EventType "swiss"]
[EventRounds "9"]
[EventCountry "GBR"]
[SourceTitle "CBM 185 Extra"]
[Source "ChessBase"]
[SourceDate "2018.06.29"]
[SourceVersion "1"]
[SourceVersionDate "2018.06.29"]
[SourceQuality "1"]

1. e4 c6 2. d4 d5 3. Nc3 dxe4 4. Nxe4 Nf6 5. Nxf6+ exf6 6. c3 Bf5 7. Bd3 Bxd3
8. Qxd3 Bd6 9. Qe4+ Qe7 10. Qxe7+ Kxe7 11. Be3 Nd7 12. O-O-O Nb6 13. Nf3 Rhe8
14. b3 Nd5 15. c4 Nxe3 16. Rhe1 Kf8 17. fxe3 Re7 18. Kc2 Rae8 19. Kd3 f5 20. h3
Bb4 21. Re2 f6 22. Nh4 g6 23. Rf1 Re4 24. Nf3 f4 25. Ne5 Rxe3+ 26. Rxe3 fxe3
27. Rxf6+ Kg8 28. Kxe3 c5 29. Kd3 cxd4 30. Kxd4 Rd8+ 31. Ke3 Re8 32. Kd4 Rd8+
33. Ke4 Bc3 34. Rf3 Rd4+ 35. Ke3 Rd2 36. Nf7 Rxg2 37. Nd8 b6 38. Ke4 Bb4 39.
Nc6 Bf8 40. a4 a5 41. Nb8 Rd2 42. Rd3 Rxd3 43. Kxd3 Kf7 44. Nd7 Bc5 45. Ke4 Ke6
46. Ne5 g5 47. Nf3 h6 48. Ne1 1/2-1/2

[Event "GBR-ch105 Major Open"]
[Site "Hull"]
[Date "2018.08.02"]
[Round "6"]
[White "Ogunshola, Ben"]
[Black "Shaw, Peter"]
[Result "1-0"]
[WhiteElo "2143"]
[BlackElo "2093"]
[PlyCount "61"]
[EventDate "2018.07.28"]
[EventType "swiss"]
[EventRounds "9"]
[EventCountry "GBR"]
[SourceTitle "CBM 185 Extra"]
[Source "ChessBase"]
[SourceDate "2018.06.29"]
[SourceVersion "1"]
[SourceVersionDate "2018.06.29"]
[SourceQuality "1"]

1. c4 f5 2. Nc3 Nf6 3. g3 e6 4. Bg2 Be7 5. Nf3 O-O 6. O-O d6 7. d4 Ne4 8. Qc2
Nxc3 9. Qxc3 a5 10. Bd2 Nc6 11. d5 Bf6 12. Qb3 Nb8 13. dxe6 Bxe6 14. Bc3 Bxc3
15. Qxc3 Nc6 16. Rad1 Qf6 17. Nd4 Nxd4 18. Rxd4 Rab8 19. Qd2 Qe5 20. e3 Rfd8
21. Rd1 b6 22. b3 Re8 23. Bc6 Re7 24. e4 fxe4 25. Rxe4 Qf6 26. Rde1 Rbe8 27.
Qe3 Bd7 28. Rxe7 Rxe7 29. Qxe7 Bxc6 30. Qxf6 gxf6 31. Re7 1-0

[Event "GBR-ch105 Major Open"]
[Site "Hull"]
[Date "2018.08.02"]
[Round "6"]
[White "Ramaiya, Anshu"]
[Black "Gardiner, Eric D"]
[Result "1-0"]
[WhiteElo "1846"]
[BlackElo "1939"]
[PlyCount "55"]
[EventDate "2018.07.28"]
[EventType "swiss"]
[EventRounds "9"]
[EventCountry "GBR"]
[SourceTitle "CBM 185 Extra"]
[Source "ChessBase"]
[SourceDate "2018.06.29"]
[SourceVersion "1"]
[SourceVersionDate "2018.06.29"]
[SourceQuality "1"]

1. e4 d6 2. Nc3 Nf6 3. f4 Bg4 4. Nf3 e6 5. h3 Bxf3 6. Qxf3 d5 7. g4 Nxe4 8.
Nxe4 dxe4 9. Qxe4 c6 10. Bc4 Nd7 11. d3 Qh4+ 12. Ke2 O-O-O 13. Be3 Nb6 14. a4
Nxc4 15. Qxc4 Kb8 16. a5 a6 17. Qb3 c5 18. Qc3 h5 19. g5 Bd6 20. Kf3 f6 21.
Rag1 e5 22. fxe5 fxe5 23. Ke2 e4 24. d4 Rhf8 25. dxc5 Bg3 26. c6 Rc8 27. Rxg3
Qxg3 28. Ba7+ 1-0

[Event "GBR-ch105 Major Open"]
[Site "Hull"]
[Date "2018.08.02"]
[Round "6"]
[White "Rice, Christopher B"]
[Black "Camp, Imogen AL"]
[Result "1/2-1/2"]
[WhiteElo "1972"]
[BlackElo "1874"]
[PlyCount "41"]
[EventDate "2018.07.28"]
[EventType "swiss"]
[EventRounds "9"]
[EventCountry "GBR"]
[SourceTitle "CBM 185 Extra"]
[Source "ChessBase"]
[SourceDate "2018.06.29"]
[SourceVersion "1"]
[SourceVersionDate "2018.06.29"]
[SourceQuality "1"]

1. c4 e6 2. g3 d5 3. Bg2 Nf6 4. Nf3 dxc4 5. Na3 Be7 6. O-O O-O 7. Nxc4 c5 8. b3
Nc6 9. Bb2 Nd5 10. d4 b5 11. Nce5 Nxe5 12. Nxe5 Bb7 13. dxc5 Bxc5 14. Rc1 Rc8
15. Nd3 Be7 16. Qd2 Qb6 17. e3 Rfd8 18. Bd4 Qa6 19. Qe2 Nf6 20. Bxb7 Qxb7 21.
Ne5 1/2-1/2

[Event "GBR-ch105 Major Open"]
[Site "Hull"]
[Date "2018.08.02"]
[Round "6"]
[White "Rocco, Federico"]
[Black "Teh, Eu Wen Aron"]
[Result "1/2-1/2"]
[WhiteElo "2140"]
[BlackElo "2286"]
[PlyCount "93"]
[EventDate "2018.07.28"]
[EventType "swiss"]
[EventRounds "9"]
[EventCountry "GBR"]
[SourceTitle "CBM 185 Extra"]
[Source "ChessBase"]
[SourceDate "2018.06.29"]
[SourceVersion "1"]
[SourceVersionDate "2018.06.29"]
[SourceQuality "1"]

1. e4 e5 2. Nf3 Nc6 3. Bb5 Nf6 4. d3 Bc5 5. O-O d6 6. c3 O-O 7. d4 Bb6 8. Qd3
Bd7 9. d5 Ne7 10. Bxd7 Nxd7 11. Na3 h6 12. Nc4 f5 13. Nfd2 Qe8 14. a4 a5 15.
Nxb6 Nxb6 16. Qc2 fxe4 17. c4 Nf5 18. b3 e3 19. fxe3 Nxe3 20. Rxf8+ Qxf8 21.
Qe4 Nf5 22. Bb2 Ne7 23. Rf1 Qe8 24. c5 Nbxd5 25. cxd6 cxd6 26. Nc4 Qd7 27. Ba3
Ra6 28. Re1 Nf6 29. Qd3 Nf5 30. Rf1 e4 31. Qh3 Nd4 32. Qe3 Nc2 33. Qg3 Nxa3 34.
Nxa3 d5 35. Rc1 Rc6 36. Rd1 Qd6 37. Qxd6 Rxd6 38. Nc4 Ra6 39. Ne3 Rb6 40. Nxd5
Nxd5 41. Rxd5 Rxb3 42. Rxa5 Kf7 43. Kf2 Kf6 44. h4 Rb2+ 45. Ke3 Rxg2 46. Rb5
Ra2 47. a5 1/2-1/2

[Event "GBR-ch105 Major Open"]
[Site "Hull"]
[Date "2018.08.02"]
[Round "6"]
[White "Ruane, Brendan J"]
[Black "Sivarajasingam, Shayanna"]
[Result "1/2-1/2"]
[WhiteElo "1868"]
[BlackElo "1780"]
[PlyCount "89"]
[EventDate "2018.07.28"]
[EventType "swiss"]
[EventRounds "9"]
[EventCountry "GBR"]
[SourceTitle "CBM 185 Extra"]
[Source "ChessBase"]
[SourceDate "2018.06.29"]
[SourceVersion "1"]
[SourceVersionDate "2018.06.29"]
[SourceQuality "1"]

1. e4 e6 2. d3 d5 3. Nd2 dxe4 4. dxe4 Nc6 5. Ngf3 Nf6 6. g3 Bc5 7. Bg2 O-O 8.
O-O e5 9. c3 a6 10. Qc2 Qe7 11. h3 b5 12. b4 Bb6 13. a4 Bb7 14. Nh4 Nd8 15. a5
Ba7 16. Nb3 Qe6 17. Nf5 Rc8 18. Rb1 c5 19. Nxc5 Bxc5 20. bxc5 Nd7 21. Nd6 Rc7
22. Nxb7 Nxb7 23. Ba3 Rfc8 24. Bb4 Nbxc5 25. Rfd1 Nf6 26. Rd2 Nb7 27. Rbd1 h6
28. f3 Rd7 29. Bf1 Rxd2 30. Rxd2 Nd7 31. Qd1 Nf6 32. Kh2 Qc6 33. h4 Qc7 34. g4
Rd8 35. Rxd8+ Qxd8 36. Qxd8+ Nxd8 37. Bd6 Nb7 38. Bc7 Ne8 39. Bb6 Ned6 40. Kg2
Kf8 41. Kf2 Ke7 42. Ke3 Nc4+ 43. Bxc4 bxc4 44. Kd2 Kd6 45. Ke3 1/2-1/2

[Event "GBR-ch105 Major Open"]
[Site "Hull"]
[Date "2018.08.02"]
[Round "6"]
[White "Rushbrooke, Remy"]
[Black "Easwar, Dhruv"]
[Result "1-0"]
[WhiteElo "1889"]
[BlackElo "1793"]
[PlyCount "45"]
[EventDate "2018.07.28"]
[EventType "swiss"]
[EventRounds "9"]
[EventCountry "GBR"]
[SourceTitle "CBM 185 Extra"]
[Source "ChessBase"]
[SourceDate "2018.06.29"]
[SourceVersion "1"]
[SourceVersionDate "2018.06.29"]
[SourceQuality "1"]

1. d4 Nf6 2. Bg5 e6 3. Nf3 d5 4. Nbd2 Be7 5. e3 b6 6. Bd3 Bb7 7. Ne5 Nbd7 8. c3
Nxe5 9. dxe5 Nd7 10. Bf4 O-O 11. h4 Nc5 12. Nf3 Nxd3+ 13. Qxd3 a5 14. O-O-O Ba6
15. Qc2 Qb8 16. Ng5 g6 17. Nxh7 Kxh7 18. h5 Rh8 19. hxg6+ Kg7 20. Bh6+ Kg8 21.
g7 Rh7 22. Bg5 Rxg7 23. Bxe7 1-0

[Event "GBR-ch105 Major Open"]
[Site "Hull"]
[Date "2018.08.02"]
[Round "6"]
[White "Salmons, Calum"]
[Black "Sivarajasingam, Venetia"]
[Result "1/2-1/2"]
[WhiteElo "1923"]
[BlackElo "1843"]
[PlyCount "120"]
[EventDate "2018.07.28"]
[EventType "swiss"]
[EventRounds "9"]
[EventCountry "GBR"]
[SourceTitle "CBM 185 Extra"]
[Source "ChessBase"]
[SourceDate "2018.06.29"]
[SourceVersion "1"]
[SourceVersionDate "2018.06.29"]
[SourceQuality "1"]

1. e4 e6 2. Nf3 d5 3. e5 c5 4. b4 cxb4 5. d4 Nc6 6. a3 bxa3 7. c3 Nge7 8. Bd3
Ng6 9. Ng5 Be7 10. Qh5 Bxg5 11. Bxg5 Qb6 12. Bc1 Bd7 13. Nxa3 Nxd4 14. O-O Nc6
15. Be3 Qd8 16. f4 a6 17. c4 d4 18. Bd2 b6 19. Nc2 Bc8 20. Be4 Bb7 21. Nb4 Qc7
22. Qf3 Nd8 23. Bxb7 Qxb7 24. Qxb7 Nxb7 25. Nxa6 Rc8 26. Rfc1 Nc5 27. Rcb1 Ne4
28. Bc1 Rxc4 29. Rxb6 O-O 30. g3 d3 31. Be3 Ne7 32. Nb4 Nf5 33. Bf2 d2 34. Nd3
Nc3 35. Nb2 Ne2+ 36. Kf1 Rc1+ 37. Kxe2 Rxa1 38. Kxd2 Rd8+ 39. Ke2 h5 40. Kf3
Ra2 41. Nc4 Rd3+ 42. Kg2 Rc3 43. Rb2 Ra1 44. Nd2 h4 45. Ne4 Rc8 46. g4 h3+ 47.
Kxh3 Ra3+ 48. Kg2 Ne3+ 49. Bxe3 Rxe3 50. Nd6 Ra8 51. Kf2 Raa3 52. Kg2 Rf3 53.
f5 Rf4 54. h3 exf5 55. gxf5 Rff3 56. Rb8+ Kh7 57. Nxf7 Rxf5 58. e6 Ra2+ 59. Kg3
Rc5 60. e7 Ra3+ 1/2-1/2

[Event "GBR-ch105 Major Open"]
[Site "Hull"]
[Date "2018.08.02"]
[Round "6"]
[White "Somton, Anita"]
[Black "Turner, Tim M"]
[Result "0-1"]
[WhiteElo "1843"]
[BlackElo "1805"]
[PlyCount "76"]
[EventDate "2018.07.28"]
[EventType "swiss"]
[EventRounds "9"]
[EventCountry "GBR"]
[SourceTitle "CBM 185 Extra"]
[Source "ChessBase"]
[SourceDate "2018.06.29"]
[SourceVersion "1"]
[SourceVersionDate "2018.06.29"]
[SourceQuality "1"]

1. e4 c5 2. Nc3 e6 3. f4 Nc6 4. Nf3 a6 5. d3 d5 6. g3 Nf6 7. exd5 exd5 8. Bg2
Be7 9. O-O O-O 10. Ne5 Re8 11. h3 Bd6 12. Nxc6 bxc6 13. Qf3 Ra7 14. b3 Rae7 15.
Qf2 Bd7 16. Bd2 Qc8 17. g4 h5 18. g5 Nh7 19. Qh4 g6 20. Kh2 Bf5 21. Rg1 Nf8 22.
Bf3 Qb8 23. Raf1 Qb7 24. Rg2 Ne6 25. Ne2 Nd4 26. Nxd4 cxd4 27. Kh1 Qd7 28. Rg3
Qd8 29. Rfg1 Re6 30. R3g2 Qe7 31. Kh2 Bb4 32. Bxb4 Qxb4 33. Qf2 Re3 34. Rd1 Qd6
35. Bxh5 Rxh3+ 36. Kg1 Rxh5 37. Re1 Rxe1+ 38. Qxe1 Qxf4 0-1

[Event "GBR-ch105 Major Open"]
[Site "Hull"]
[Date "2018.08.02"]
[Round "6"]
[White "Starley, Robert"]
[Black "McCarthy, Damian"]
[Result "1/2-1/2"]
[WhiteElo "2107"]
[BlackElo "1867"]
[PlyCount "112"]
[EventDate "2018.07.28"]
[EventType "swiss"]
[EventRounds "9"]
[EventCountry "GBR"]
[SourceTitle "CBM 185 Extra"]
[Source "ChessBase"]
[SourceDate "2018.06.29"]
[SourceVersion "1"]
[SourceVersionDate "2018.06.29"]
[SourceQuality "1"]

1. e4 e5 2. Nf3 Nf6 3. Nxe5 d6 4. Nf3 Nxe4 5. Nc3 Nxc3 6. dxc3 Be7 7. Bf4 Nc6
8. Qd2 Be6 9. Nd4 Nxd4 10. cxd4 d5 11. Bd3 Qd7 12. O-O O-O 13. c3 Bd6 14. Bxd6
Qxd6 15. f4 Bd7 16. f5 f6 17. Rae1 Rfe8 18. Be2 Re7 19. Bh5 Be8 20. Bf3 Bf7 21.
Rxe7 Qxe7 22. Re1 Qd7 23. Qf4 Re8 24. Rxe8+ Qxe8 25. Kf2 Qd7 26. Kg3 b6 27. Bd1
a5 28. Bb3 Kf8 29. Kf2 Ke7 30. g4 h6 31. h4 Qd6 32. Qe3+ Kd8 33. Kg2 Qe7 34.
Qf3 c6 35. Ba4 Be8 36. Kf2 Qd6 37. Kg1 Qe7 38. Kf2 Qd6 39. Qg3 Ke7 40. a3 Bd7
41. Bc2 Qxg3+ 42. Kxg3 c5 43. dxc5 bxc5 44. Kf4 Kd6 45. Bd3 Be8 46. b4 axb4 47.
cxb4 c4 48. Bc2 Bc6 49. Bd1 d4 50. a4 c3 51. Bc2 Bg2 52. a5 Kd5 53. Bb3+ Kc6
54. Ba4+ Kc7 55. Bc2 Kc6 56. Ba4+ Kc7 1/2-1/2